000
00218nam a2200097Ia 4500
008
240331s9999 xx 000 0 und d
082
_a
323
_b
HUM
100
_a
Axer,J. ed
245
4
_a
The human rights community
942
_c
L
999
_c
667
_d
667